[Event "Nairobi op"]
[Site "Nairobi"]
[Date "2023.04.07"]
[Round "4"]
[White "Mitei, Cosmas"]
[Black "Adewole, Adeyinka Samuel"]
[Result "0-1"]
[WhiteElo "1383"]
[BlackElo "1800"]
[PlyCount "93"]
[EventDate "2023.04.06"]
[EventType "swiss"]
[EventRounds "9"]
[EventCountry "KEN"]
[SourceTitle "EXT 2024"]
[Source "ChessBase"]
[SourceDate "2023.10.10"]
[SourceVersion "1"]
[SourceVersionDate "2023.10.10"]
[SourceQuality "1"]

1. c4 e6 2. g3 f5 3. d3 Nf6 4. Bg2 c5 5. Nf3 Be7 6. Nc3 Nc6 7. Be3 d5 8. Bf4 a6 9. cxd5 exd5 10. d4 c4 11. Ne5 0-0 12. 0-0 Be6 13. b3 Nxe5 14. dxe5 Ne4 15. Nxe4 dxe4 16. bxc4 Bxc4 17. Qc2 Rc8 18. Qb2 b5 19. Rfd1 Qa5 20. Bd2 Ba3 21. Qd4 Qd8 22. e3 Qxd4 23. exd4 Bb2 24. Bb4 Rfd8 25. Bc5 Bxa1 26. Rxa1 Rd5 27. f3 Rdxc5 28. dxc5 exf3 29. Bxf3 Rxc5 30. a4 Rxe5 31. axb5 axb5 32. Ra7 g5 33. h3 b4 34. Rc7 Bf7 35. Kf2 b3 36. Rb7 f4 37. gxf4 gxf4 38. Rb4 Re3 39. Rxf4 b2 40. Rg4+ Kf8 41. Rg1 Rxf3+ 42. Kxf3 Bg6 43. Kg4 b1Q 44. Rxb1 Bxb1 45. Kg5 Ke7 46. h4 Ke6 47. Kh6 0-1

[Event "Gibraltar Challengers op-A"]
[Site "Caleta"]
[Date "2020.01.22"]
[Round "3"]
[White "Adewole, Adeyinka Samuel"]
[Black "Niharika, Challa"]
[Result "0-1"]
[WhiteElo "1941"]
[BlackElo "1865"]
[PlyCount "70"]
[EventDate "2020.01.20"]
[EventType "swiss"]
[EventRounds "5"]
[EventCountry "GGB"]
[SourceTitle "CBM 194 Extra"]
[Source "ChessBase"]
[SourceDate "2020.03.31"]
[SourceVersion "1"]
[SourceVersionDate "2020.03.31"]
[SourceQuality "1"]

1. c4 Nf6 2. Nc3 e6 3. e3 d5 4. d4 Bb4 5. Nf3 0-0 6. Qb3 Bxc3+ 7. bxc3 b6 8. cxd5 exd5 9. Ne5 Bf5 10. Be2 c5 11. Ba3 c4 12. Qb2 Re8 13. g4 Be6 14. Bf3 Nbd7 15. Nc6 Qc7 16. Ne7+ Kh8 17. h3 Rad8 18. Qc2 Nf8 19. Nf5 Ng6 20. h4 Nf4 21. Kf1 Nd3 22. Be2 h5 23. Ng3 Bxg4 24. Bxd3 cxd3 25. Qxd3 Bf3 26. Rg1 Ne4 27. Bb2 Rd6 28. Nxe4 Rxe4 29. Rg3 Rf6 30. Qb5 Rxe3 31. Re1 Be2+ 32. Rxe2 Qxg3 33. Qxd5 Rxe2 34. Qxh5+ Kg8 35. Qxe2 Qh3+ 0-1

[Event "Gibraltar Masters 17th"]
[Site "Caleta"]
[Date "2019.01.23"]
[Round "2"]
[White "Adewole, Adeyinka Samuel"]
[Black "Risting, Eivind Olav"]
[Result "0-1"]
[WhiteElo "1972"]
[BlackElo "2281"]
[PlyCount "66"]
[EventDate "2019.01.22"]
[EventType "swiss"]
[EventRounds "10"]
[EventCountry "GGB"]
[SourceTitle "CBM 188 Extra"]
[Source "ChessBase"]
[SourceDate "2019.02.26"]
[SourceVersion "1"]
[SourceVersionDate "2019.02.26"]
[SourceQuality "1"]

1. c4 e5 2. Nc3 Nc6 3. g3 Bc5 4. Bg2 d6 5. d3 a6 6. a3 Ba7 7. e3 Nf6 8. Nge2 Bf5 9. b4 Qd7 10. h3 h5 11. Bb2 Rb8 12. d4 exd4 13. exd4 0-0 14. Qd2 Rfe8 15. 0-0-0 Bg6 16. Qf4 d5 17. c5 Nd8 18. Bf3 a5 19. g4 axb4 20. axb4 Nc6 21. Ba3 h4 22. g5 Ne4 23. Bxe4 Bxe4 24. f3 Bg6 25. Qg4 Bf5 26. Qxh4 Ra8 27. Kb2 Nxb4 28. Bxb4 Rxe2+ 29. Nxe2 Qa4 30. Ba5 Qc2+ 31. Ka3 Bxc5+ 32. dxc5 Rxa5+ 33. Kb4 Ra4+ 0-1

[Event "Gibraltar Masters 17th"]
[Site "Caleta"]
[Date "2019.01.22"]
[Round "1"]
[White "Kozak, Adam"]
[Black "Adewole, Adeyinka Samuel"]
[Result "1-0"]
[WhiteElo "2425"]
[BlackElo "1972"]
[PlyCount "77"]
[EventDate "2019.01.22"]
[EventType "swiss"]
[EventRounds "10"]
[EventCountry "GGB"]
[SourceTitle "CBM 188 Extra"]
[Source "ChessBase"]
[SourceDate "2019.02.26"]
[SourceVersion "1"]
[SourceVersionDate "2019.02.26"]
[SourceQuality "1"]

1. d4 d6 2. Nf3 g6 3. c4 Bg7 4. Nc3 Nc6 5. d5 Ne5 6. Nxe5 Bxe5 7. Bd2 c5 8. e4 f5 9. Qc2 Nf6 10. Bd3 fxe4 11. Nxe4 Nxe4 12. Bxe4 0-0 13. 0-0 Bf5 14. Rae1 Qd7 15. Bc3 Bxc3 16. Qxc3 b6 17. Re2 Bxe4 18. Rxe4 Rf7 19. Rfe1 Re8 20. Re6 Rb8 21. h4 Rbf8 22. R1e3 Rg7 23. Qxg7+ Kxg7 24. Rxe7+ Rf7 25. Rxd7 Rxd7 26. a4 Kf7 27. g4 Re7 28. Rxe7+ Kxe7 29. g5 a5 30. Kg2 Kf7 31. f4 Kg7 32. Kf3 Kf7 33. Kg4 Ke7 34. h5 Kf7 35. hxg6+ hxg6 36. f5 Kg7 37. fxg6 Kxg6 38. b3 Kf7 39. Kf5 1-0

[Event "Gibraltar Challengers op-A"]
[Site "Caleta"]
[Date "2019.01.22"]
[Round "2"]
[White "Spacapan, Simon"]
[Black "Adewole, Adeyinka Samuel"]
[Result "1/2-1/2"]
[WhiteElo "2061"]
[BlackElo "1972"]
[PlyCount "208"]
[EventDate "2019.01.21"]
[EventType "swiss"]
[EventRounds "5"]
[EventCountry "GGB"]
[SourceTitle "CBM 188 Extra"]
[Source "ChessBase"]
[SourceDate "2019.02.26"]
[SourceVersion "1"]
[SourceVersionDate "2019.02.26"]
[SourceQuality "1"]

1. e4 d6 2. d4 g6 3. Nc3 Bg7 4. f4 Nf6 5. Nf3 0-0 6. Bd3 c5 7. dxc5 dxc5 8. e5 Nd5 9. Nxd5 Qxd5 10. Qe2 Nc6 11. Be4 Qd7 12. Be3 b6 13. h4 Bb7 14. h5 Rfd8 15. hxg6 hxg6 16. Ng5 e6 17. c3 Ne7 18. Rd1 Qxd1+ 19. Qxd1 Rxd1+ 20. Kxd1 Rd8+ 21. Ke2 Bxe4 22. Nxe4 Nd5 23. Rd1 Ra8 24. c4 Ne7 25. Rd7 Kf8 26. Nd6 f6 27. Nb5 Ke8 28. Rb7 Kd8 29. exf6 Bxf6 30. b3 Nc6 31. Rf7 Be7 32. Rg7 Kd7 33. Rxg6 Rf8 34. Nc3 Bd6 35. g3 Rh8 36. Rg7+ Be7 37. Ne4 Rh2+ 38. Bf2 Nd4+ 39. Kd3 Nf5 40. Rg8 Nd6 41. Nxd6 Rxf2 42. Ne4 Rxa2 43. g4 Bd6 44. Rg7+ Kc6 45. Nxd6 Kxd6 46. g5 Rb2 47. Kc3 Rf2 48. Rf7 a6 49. g6 Rg2 50. Rf6 Rg3+ 51. Kc2 Ke7 52. Rf7+ Ke8 53. Rb7 Rxg6 54. Rxb6 Kd7 55. Rxa6 Rf6 56. Ra7+ Kd6 57. Ra6+ Kd7 58. Ra5 Kc6 59. Ra6+ Kb7 60. Rd6 Kc7 61. Ra6 Kd7 62. Ra5 Kc6 63. Ra6+ Kc7 64. Kd3 Kb7 65. Rd6 Kc7 66. Ra6 Kb7 67. Ra5 Rxf4 68. Rxc5 Rf3+ 69. Kc2 Re3 70. Rg5 Kc6 71. Rh5 Kd6 72. Rb5 Kc6 73. Kd2 Rh3 74. b4 Ra3 75. Re5 Kd6 76. Re3 Ra2+ 77. Kd3 e5 78. Ke4 Rb2 79. Rd3+ Kc6 80. Kxe5 Rxb4 81. Kd4 Rb8 82. Rg3 Rd8+ 83. Kc3 Rd1 84. Re3 Rc1+ 85. Kd4 Rd1+ 86. Kc3 Rc1+ 87. Kb3 Kc5 88. Re5+ Kc6 89. Rg5 Rd1 90. Kc2 Rd4 91. Kc3 Rd1 92. Rg3 Kc5 93. Rg5+ Kc6 94. Kb4 Rb1+ 95. Kc3 Rc1+ 96. Kd3 Rd1+ 97. Kc2 Rd4 98. Kb3 Rd1 99. Rg2 Kc5 100. Rg5+ Kc6 101. Ka4 Rb1 102. Rd5 Rb8 103. Ra5 Rb1 104. Rd5 Rb8 1/2-1/2

[Event "London CSC Weekend U2050 op 10th"]
[Site "London"]
[Date "2018.12.14"]
[Round "1"]
[White "Adewole, Adeyinka Samuel"]
[Black "Lundback, Anders"]
[Result "1-0"]
[WhiteElo "1975"]
[BlackElo "1841"]
[PlyCount "85"]
[EventDate "2018.12.14"]
[EventType "swiss"]
[EventRounds "5"]
[EventCountry "ENG"]
[SourceTitle "EXT 2020"]
[Source "ChessBase"]
[SourceDate "2019.10.17"]
[SourceVersion "1"]
[SourceVersionDate "2019.10.17"]
[SourceQuality "1"]

1. c4 Nf6 2. Nc3 e6 3. g3 d5 4. Bg2 Be7 5. Nf3 0-0 6. cxd5 exd5 7. d4 c6 8. 0-0 Re8 9. Ne5 Bf5 10. h3 Nbd7 11. g4 Bg6 12. f4 h6 13. Nxg6 fxg6 14. e4 Nb6 15. e5 Nh7 16. Qc2 Nf8 17. a4 a5 18. Kh1 Rc8 19. Be3 Kh8 20. Rad1 Nc4 21. Bg1 Bb4 22. b3 Nb6 23. Na2 Be7 24. Nc1 Qc7 25. Nd3 Red8 26. Qf2 Ne6 27. f5 Rf8 28. Qe2 gxf5 29. gxf5 Ng5 30. Nf4 Kg8 31. Qg4 Qd7 32. h4 Ne4 33. Bxe4 dxe4 34. Ne6 Rf7 35. Be3 Kh8 36. Rg1 Nd5 37. Bc1 Rg8 38. Bxh6 Bf8 39. Bc1 Nf6 40. exf6 Rxf6 41. Qh5+ Rh6 42. Bxh6 gxh6 43. Nxf8 1-0

[Event "Gibraltar Masters 16th"]
[Site "Caleta"]
[Date "2018.01.28"]
[Round "6"]
[White "Pinho, Paulo Miguel"]
[Black "Adewole, Adeyinka Samuel"]
[Result "1-0"]
[WhiteElo "2186"]
[BlackElo "2001"]
[PlyCount "73"]
[EventDate "2018.01.23"]
[EventType "swiss"]
[EventRounds "10"]
[EventCountry "GGB"]
[SourceTitle "CBM 183"]
[Source "ChessBase"]
[SourceDate "2018.03.14"]
[SourceVersion "1"]
[SourceVersionDate "2018.03.14"]
[SourceQuality "1"]

1. d4 e6 2. Nf3 d5 3. c4 b6 4. cxd5 exd5 5. Nc3 Bb7 6. g3 Nf6 7. Bg2 Nbd7 8. Ne5 Bb4 9. Qa4 Bxc3+ 10. bxc3 c6 11. Ba3 b5 12. Qc2 Qc7 13. Qf5 Nf8 14. 0-0 Bc8 15. Qc2 Ne6 16. f4 a5 17. Qd2 Bb7 18. g4 Qb6 19. f5 Nc7 20. Bc5 Qa6 21. Qf4 0-0-0 22. Nxf7 b4 23. cxb4 Qxe2 24. Bb6 Qe7 25. Nxh8 Rxh8 26. Rfe1 Ne4 27. Bxe4 dxe4 28. Rxe4 Nd5 29. Rxe7 Nxf4 30. bxa5 Nd5 31. Rxg7 Re8 32. Bc5 Re2 33. Rb1 Ba6 34. Bd6 Bb5 35. a4 Nc3 36. axb5 Nxb1 37. bxc6 1-0

[Event "Gibraltar Challengers-A"]
[Site "Caleta"]
[Date "2018.01.25"]
[Round "4"]
[White "Chibnall, Alana"]
[Black "Adewole, Adeyinka Samuel"]
[Result "1-0"]
[WhiteElo "1906"]
[BlackElo "2001"]
[PlyCount "117"]
[EventDate "2018.01.22"]
[EventType "swiss"]
[EventRounds "5"]
[EventCountry "GGB"]
[SourceTitle "EXT 2019"]
[Source "ChessBase"]
[SourceDate "2018.10.10"]
[SourceVersion "1"]
[SourceVersionDate "2018.10.10"]
[SourceQuality "1"]

1. e4 g6 2. d4 Bg7 3. Nf3 c5 4. c3 Qc7 5. Be3 Nf6 6. Nbd2 b6 7. h3 Bb7 8. Bd3 d6 9. 0-0 Nbd7 10. a4 0-0 11. Nh2 a6 12. b4 cxb4 13. cxb4 Qc3 14. Qb1 Rac8 15. Ra2 Qc7 16. Rc2 Qb8 17. Rfc1 Qa8 18. f3 Rxc2 19. Rxc2 Rc8 20. Nhf1 d5 21. e5 Ne8 22. Nb3 e6 23. a5 Bf8 24. Bd2 b5 25. Nc5 Qa7 26. Be3 Nxc5 27. bxc5 Bc6 28. Nd2 f6 29. f4 Rb8 30. Qb4 Qg7 31. exf6 Nxf6 32. Nf3 Qc7 33. Re2 Ne4 34. Bxe4 dxe4 35. Ng5 Bd5 36. Bd2 Qc6 37. Qb1 Bg7 38. Bc3 b4 39. Bb2 Qb5 40. Qd1 Qd3 41. Qxd3 exd3 42. Rd2 Bc4 43. Ne4 Rd8 44. Nd6 Rxd6 45. cxd6 Bf6 46. Kf2 Bd8 47. Ke3 Bxa5 48. Rxd3 Bb6 49. Rd1 a5 50. Rc1 Bd5 51. Rc8+ Kf7 52. Rb8 Bxg2 53. Rxb6 Ke8 54. d5 Bxd5 55. Ra6 Kd7 56. Be5 b3 57. Rxa5 Kc6 58. Kd2 Kb6 59. Rxd5 1-0

[Event "Gibraltar Masters 16th"]
[Site "Caleta"]
[Date "2018.01.24"]
[Round "8"]
[White "Adewole, Adeyinka Samuel"]
[Black "Lochte, Thomas"]
[Result "0-1"]
[WhiteElo "2001"]
[BlackElo "2169"]
[PlyCount "46"]
[EventDate "2018.01.23"]
[EventType "swiss"]
[EventRounds "10"]
[EventCountry "GGB"]
[SourceTitle "CBM 183"]
[Source "ChessBase"]
[SourceDate "2018.03.14"]
[SourceVersion "1"]
[SourceVersionDate "2018.03.14"]
[SourceQuality "1"]

1. Nf3 c5 2. g3 d5 3. Bg2 Nc6 4. b3 e5 5. Bb2 e4 6. Ng1 Nf6 7. Nc3 Bf5 8. Qc1 d4 9. Nd1 Bd6 10. a3 0-0 11. e3 Rc8 12. Ne2 Bg4 13. Nf4 Ne5 14. h4 Nf3+ 15. Kf1 Qa5 16. Bh3 Nxd2+ 17. Kg1 Bxf4 18. Bxg4 Nxg4 19. gxf4 Nf3+ 20. Kg2 Qa6 21. c4 Qg6 22. Kf1 Ngh2+ 23. Ke2 d3# 0-1

[Event "Gibraltar Challengers-A"]
[Site "Caleta"]
[Date "2018.01.24"]
[Round "3"]
[White "Adewole, Adeyinka Samuel"]
[Black "Longa Yauca, Javier"]
[Result "0-1"]
[WhiteElo "2001"]
[BlackElo "2198"]
[PlyCount "106"]
[EventDate "2018.01.22"]
[EventType "swiss"]
[EventRounds "5"]
[EventCountry "GGB"]
[SourceTitle "EXT 2019"]
[Source "ChessBase"]
[SourceDate "2018.10.10"]
[SourceVersion "1"]
[SourceVersionDate "2018.10.10"]
[SourceQuality "1"]

1. Nf3 Nf6 2. g3 d5 3. d4 g6 4. Bg2 Bg7 5. b3 0-0 6. 0-0 c5 7. e3 Nc6 8. Bb2 Ne4 9. c4 e6 10. Nbd2 f5 11. Ne5 cxd4 12. Nxc6 bxc6 13. Nxe4 fxe4 14. Bxd4 Bxd4 15. Qxd4 Qf6 16. Qc5 Bd7 17. Rad1 Qg7 18. Rd4 Rf7 19. Rfd1 a5 20. Qd6 a4 21. Qa3 Raf8 22. R4d2 axb3 23. axb3 Qc3 24. Qb2 Qxb2 25. Rxb2 Kg7 26. b4 Kf6 27. b5 Ke5 28. b6 Ra8 29. b7 Rb8 30. Ra1 Kd6 31. c5+ Kxc5 32. Bf1 Kd6 33. Ba6 e5 34. Kf1 Be6 35. Rc1 Rc7 36. Rb6 d4 37. Ke2 Bd5 38. h4 Rf7 39. Rb2 h6 40. Rd1 d3+ 41. Kf1 g5 42. hxg5 hxg5 43. Kg2 Rh7 44. Rbb1 g4 45. Rdc1 Kc7 46. Rd1 Rbh8 47. b8Q+ Rxb8 48. Rxb8 Kxb8 49. Rb1+ Ka7 50. Bc8 Rg7 51. Kf1 c5 52. Ke1 c4 53. Kd2 c3+ 0-1

[Event "Lagos Friends of Chess"]
[Site "Lagos"]
[Date "2015.08.08"]
[Round "6"]
[White "Adewole, Adeyinka Samuel"]
[Black "Onokpite, Kennedy"]
[Result "0-1"]
[WhiteElo "1933"]
[BlackElo "2132"]
[PlyCount "71"]
[EventDate "2015.08.06"]
[EventType "swiss"]
[EventRounds "7"]
[EventCountry "NGR"]
[SourceTitle "EXT 2018"]
[Source "ChessBase"]
[SourceDate "2017.10.13"]
[SourceVersion "1"]
[SourceVersionDate "2017.10.13"]
[SourceQuality "1"]

1. c4 e5 2. Nc3 Nf6 3. g3 d5 4. cxd5 Nxd5 5. Bg2 Nb6 6. Nf3 Nc6 7. d3 Be7 8. h4 0-0 9. Ng5 Nd4 10. e3 Nc6 11. Be4 f5 12. Qb3+ Kh8 13. Bxc6 Bxg5 14. hxg5 bxc6 15. g6 h6 16. Rh4 Rf6 17. d4 Be6 18. Qc2 e4 19. g4 Rxg6 20. Rh1 Rxg4 21. b3 Qg5 22. Ne2 Bd5 23. Bb2 a5 24. 0-0-0 a4 25. Rdg1 axb3 26. axb3 Rb8 27. Bc3 Nc8 28. b4 Ra8 29. Ng3 Ra2 30. Bb2 Nd6 31. Qc5 f4 32. Ne2 fxe3 33. Rxg4 Qxg4 34. Nc3 exf2 35. Nxa2 e3 36. Qc3 0-1

[Event "Gibraltar Challengers-A 13th"]
[Site "Caleta"]
[Date "2015.01.29"]
[Round "4"]
[White "Adewole, Adeyinka Samuel"]
[Black "Gostelow, David W"]
[Result "0-1"]
[WhiteElo "1962"]
[BlackElo "2036"]
[PlyCount "62"]
[EventDate "2015.01.26"]
[EventType "swiss"]
[EventRounds "5"]
[EventCountry "GGB"]
[SourceTitle "CBM 164 Extra"]
[Source "ChessBase"]
[SourceDate "2015.03.02"]
[SourceVersion "1"]
[SourceVersionDate "2015.03.02"]
[SourceQuality "1"]

1. d4 d5 2. Nf3 Bf5 3. c4 e6 4. Nc3 c6 5. e3 Nf6 6. Be2 Bd6 7. Ne5 Qc7 8. f4 Ne4 9. 0-0 f6 10. Ng4 Nd7 11. c5 Be7 12. Nf2 Nxc3 13. bxc3 b6 14. cxb6 axb6 15. Bh5+ Bg6 16. f5 exf5 17. Nd3 Bd6 18. Nf4 Kf7 19. Be2 Nf8 20. c4 Bxf4 21. Rxf4 Ne6 22. Rf1 Qd6 23. Qb3 Rhe8 24. g3 Nxd4 25. exd4 Rxe2 26. Qxb6 Rb8 27. Qa6 Rbe8 28. Rb1 Qe6 29. Qa7+ Kg8 30. Rb2 f4 31. Rb8 Qh3 0-1

[Event "Gibraltar Challengers-A 13th"]
[Site "Caleta"]
[Date "2015.01.28"]
[Round "3"]
[White "Ocana, Jeremy"]
[Black "Adewole, Adeyinka Samuel"]
[Result "0-1"]
[WhiteElo "1809"]
[BlackElo "1962"]
[PlyCount "78"]
[EventDate "2015.01.26"]
[EventType "swiss"]
[EventRounds "5"]
[EventCountry "GGB"]
[SourceTitle "CBM 164 Extra"]
[Source "ChessBase"]
[SourceDate "2015.03.02"]
[SourceVersion "1"]
[SourceVersionDate "2015.03.02"]
[SourceQuality "1"]

1. e4 e6 2. d4 d5 3. Nd2 b6 4. Bd3 Bb7 5. e5 Nd7 6. Ne2 c5 7. c3 Qc7 8. Nf3 g6 9. Bf4 a6 10. Rc1 b5 11. b3 c4 12. Bc2 Ba3 13. Rb1 Ne7 14. 0-0 a5 15. bxc4 dxc4 16. Ne1 b4 17. Bc1 Bxc1 18. Qxc1 Nd5 19. Ba4 Bc6 20. Bxc6 Qxc6 21. Nc2 Rb8 22. Ne3 0-0 23. cxb4 Nxe3 24. fxe3 axb4 25. Qe1 c3 26. Qh4 Qa6 27. Nf4 f6 28. exf6 Rxf6 29. Qg3 Rbf8 30. Rxb4 c2 31. Rc1 Qa3 32. Qe1 g5 33. Rb7 gxf4 34. Rxc2 Qxe3+ 35. Qxe3 fxe3 36. g3 Rf1+ 37. Kg2 R8f2+ 38. Rxf2 Rxf2+ 39. Kg1 Nf6 0-1

[Event "Gibraltar Challengers-A 13th"]
[Site "Caleta"]
[Date "2015.01.27"]
[Round "2"]
[White "Adewole, Adeyinka Samuel"]
[Black "Pena Riasco, Alexander"]
[Result "0-1"]
[WhiteElo "1962"]
[BlackElo "2181"]
[PlyCount "124"]
[EventDate "2015.01.26"]
[EventType "swiss"]
[EventRounds "5"]
[EventCountry "GGB"]
[SourceTitle "CBM 164 Extra"]
[Source "ChessBase"]
[SourceDate "2015.03.02"]
[SourceVersion "1"]
[SourceVersionDate "2015.03.02"]
[SourceQuality "1"]

1. d4 d5 2. Nf3 Nf6 3. e3 Bf5 4. c4 e6 5. c5 Nbd7 6. Nc3 Be7 7. b4 0-0 8. Bb2 c6 9. Be2 h6 10. Ne5 Qc7 11. f4 Ne4 12. 0-0 Nxc3 13. Bxc3 Nf6 14. g4 Bh7 15. h4 Ne4 16. Be1 f6 17. Nd3 Qd7 18. Kg2 Bd8 19. Nf2 Bc7 20. Bd3 Nxf2 21. Bxf2 Bxd3 22. Qxd3 e5 23. Kg3 Rae8 24. Rae1 Rf7 25. Qg6 Re6 26. f5 Re8 27. Kg2 Rff8 28. Bg3 Re7 29. g5 Kh8 30. dxe5 Bxe5 31. Rf3 Bxg3 32. Rxg3 fxg5 33. hxg5 Qxf5 34. Qxf5 Rxf5 35. gxh6 gxh6 36. Rh1 Kh7 37. Rh4 Rg7 38. e4 Rfg5 39. Rxg5 Rxg5+ 40. Kf3 Kg7 41. exd5 Rxd5 42. Rg4+ Kf7 43. Ke4 h5 44. Rg2 Kf6 45. Rf2+ Kg6 46. a3 a5 47. Rb2 axb4 48. axb4 Rg5 49. Rb3 h4 50. Kf4 Kh5 51. Rb1 h3 52. b5 h2 53. Rh1 Rg2 54. bxc6 bxc6 55. Ke5 Rd2 56. Rxh2+ Rxh2 57. Kd6 Kg6 58. Kxc6 Kf7 59. Kd7 Rd2+ 60. Kc6 Ke7 61. Kb6 Rc2 62. Kc6 Kd8 0-1